000 01020cad a22001935a 4500
001 L157458
008 121212s2012 xxk f 000 0 eng d
035 _a(Sirsi) u157458
041 0 _aeng
110 2 _aUnited Kingdom
_bDepartment for Communities and Local Government
_94939
245 0 0 _aFlood Resilience Community Pathfinder Prospectus
_h[electronic resource]
260 _aLondon
_bDEFRA
_c2012
520 _aDEFRA announces a £5m fund pilot for areas at risk or affected by flooding. Local authorities across England are invited to come forward with proposals to improve their communities' resilience to flooding with funding for the successful applicants beginning in March 2013. The Flood Resilience Community Pathfinder is a pilot scheme that will run over two years.
590 _aKA
651 4 _aEngland
_y886-
690 _aEnvironment
_96238
856 4 0 _uhttps://www.defra.gov.uk/publications/files/pb13841-frco-prospectus-20121206.pdf
_zView the item free of charge at www.defra.gov.uk
942 _n0
999 _c114778
_d114778